Normal view
MARC view
- Home accidents
Entry Topical Term
001 - CONTROL NUMBER
- control field: 106746
003 - CONTROL NUMBER IDENTIFIER
- control field: NUST
005 - DATE AND TIME OF LATEST TRANSACTION
- control field: 20230104114158.0
008 - FIXED-LENGTH DATA ELEMENTS
- fixed length control field: 230104|| aca||aabn | a|a d
040 ## - CATALOGING SOURCE
- Original cataloging agency: NUST
- Transcribing agency: NUST
150 ## - HEADING--TOPICAL TERM
- Topical term or geographic name entry element: Home accidents
- General subdivision: Prevention
670 ## - SOURCE DATA FOUND
- Source citation: Work cat.: (NUST)185812: Cole, Joanna. 106744, Safe from the start :, c1989.
